<?xml version="1.0" encoding="UTF-8"?>
<collection xmlns="http://www.loc.gov/MARC21/slim">
 <record>
  <leader>03255cam a2200613   4500</leader>
  <controlfield tag="001">039534545</controlfield>
  <controlfield tag="003">DE-627</controlfield>
  <controlfield tag="005">20241101211614.0</controlfield>
  <controlfield tag="007">tu</controlfield>
  <controlfield tag="008">950802s1978    gw |||||      00| ||ger c</controlfield>
  <datafield tag="020" ind1=" " ind2=" ">
   <subfield code="a">376160422X</subfield>
   <subfield code="9">3-7616-0422-X</subfield>
  </datafield>
  <datafield tag="035" ind1=" " ind2=" ">
   <subfield code="a">(DE-627)039534545</subfield>
  </datafield>
  <datafield tag="035" ind1=" " ind2=" ">
   <subfield code="a">(DE-576)05365076X</subfield>
  </datafield>
  <datafield tag="035" ind1=" " ind2=" ">
   <subfield code="a">(DE-599)GBV039534545</subfield>
  </datafield>
  <datafield tag="035" ind1=" " ind2=" ">
   <subfield code="a">(OCoLC)15251333</subfield>
  </datafield>
  <datafield tag="035" ind1=" " ind2=" ">
   <subfield code="a">(OCoLC)15251333</subfield>
  </datafield>
  <datafield tag="040" ind1=" " ind2=" ">
   <subfield code="a">DE-627</subfield>
   <subfield code="b">ger</subfield>
   <subfield code="c">DE-627</subfield>
   <subfield code="e">rakwb</subfield>
  </datafield>
  <datafield tag="041" ind1=" " ind2=" ">
   <subfield code="a">ger</subfield>
  </datafield>
  <datafield tag="044" ind1=" " ind2=" ">
   <subfield code="c">XA-DE-NW</subfield>
  </datafield>
  <datafield tag="082" ind1="0" ind2=" ">
   <subfield code="a">914.3/43047</subfield>
   <subfield code="q">OCLC</subfield>
  </datafield>
  <datafield tag="084" ind1=" " ind2=" ">
   <subfield code="a">15a</subfield>
   <subfield code="a">12a</subfield>
   <subfield code="2">sdnb</subfield>
  </datafield>
  <datafield tag="084" ind1=" " ind2=" ">
   <subfield code="a">RD 80029</subfield>
   <subfield code="2">rvk</subfield>
   <subfield code="0">(DE-625)rvk/142260:12591</subfield>
  </datafield>
  <datafield tag="084" ind1=" " ind2=" ">
   <subfield code="a">15.54</subfield>
   <subfield code="2">bkl</subfield>
  </datafield>
  <datafield tag="084" ind1=" " ind2=" ">
   <subfield code="a">74.05</subfield>
   <subfield code="2">bkl</subfield>
  </datafield>
  <datafield tag="245" ind1="1" ind2="0">
   <subfield code="a">Romantische Reise durch das Moseltal</subfield>
   <subfield code="b">von Koblenz nach Trier</subfield>
   <subfield code="c">mit Graphiken von Carl Bodmer und Texten von Johann August Klein und Christian von Stramberg. Hrsg. von Willy Leson</subfield>
  </datafield>
  <datafield tag="246" ind1="3" ind2="3">
   <subfield code="a">Reise durch das Moseltal</subfield>
  </datafield>
  <datafield tag="250" ind1=" " ind2=" ">
   <subfield code="a">1. Aufl.</subfield>
  </datafield>
  <datafield tag="264" ind1=" " ind2="1">
   <subfield code="a">Köln</subfield>
   <subfield code="b">Bachem</subfield>
   <subfield code="c">1978</subfield>
  </datafield>
  <datafield tag="300" ind1=" " ind2=" ">
   <subfield code="a">77 S</subfield>
   <subfield code="b">zahlr. Ill</subfield>
  </datafield>
  <datafield tag="336" ind1=" " ind2=" ">
   <subfield code="a">Text</subfield>
   <subfield code="b">txt</subfield>
   <subfield code="2">rdacontent</subfield>
  </datafield>
  <datafield tag="337" ind1=" " ind2=" ">
   <subfield code="a">ohne Hilfsmittel zu benutzen</subfield>
   <subfield code="b">n</subfield>
   <subfield code="2">rdamedia</subfield>
  </datafield>
  <datafield tag="338" ind1=" " ind2=" ">
   <subfield code="a">Band</subfield>
   <subfield code="b">nc</subfield>
   <subfield code="2">rdacarrier</subfield>
  </datafield>
  <datafield tag="500" ind1=" " ind2=" ">
   <subfield code="a">Nebent.: Reise durch das Moseltal</subfield>
  </datafield>
  <datafield tag="583" ind1="1" ind2=" ">
   <subfield code="a">Archivierung prüfen</subfield>
   <subfield code="c">20200919</subfield>
   <subfield code="f">DE-640</subfield>
   <subfield code="z">1</subfield>
   <subfield code="2">pdager</subfield>
  </datafield>
  <datafield tag="655" ind1=" " ind2="7">
   <subfield code="a">Reisebericht</subfield>
   <subfield code="0">(DE-588)4076645-7</subfield>
   <subfield code="0">(DE-627)104189037</subfield>
   <subfield code="0">(DE-576)209202459</subfield>
   <subfield code="2">gnd-content</subfield>
  </datafield>
  <datafield tag="689" ind1="0" ind2="0">
   <subfield code="d">g</subfield>
   <subfield code="0">(DE-588)4102224-5</subfield>
   <subfield code="0">(DE-627)104559160</subfield>
   <subfield code="0">(DE-576)209377097</subfield>
   <subfield code="a">Moseltal</subfield>
   <subfield code="2">gnd</subfield>
  </datafield>
  <datafield tag="689" ind1="0" ind2="1">
   <subfield code="a">z</subfield>
   <subfield code="2">gnd</subfield>
   <subfield code="a">Geschichte</subfield>
  </datafield>
  <datafield tag="689" ind1="0" ind2=" ">
   <subfield code="5">(DE-627)</subfield>
  </datafield>
  <datafield tag="700" ind1="1" ind2=" ">
   <subfield code="a">Bodmer, Karl</subfield>
   <subfield code="d">1809-1893</subfield>
   <subfield code="e">Ill.</subfield>
   <subfield code="0">(DE-588)118512323</subfield>
   <subfield code="0">(DE-627)079315453</subfield>
   <subfield code="0">(DE-576)168826577</subfield>
   <subfield code="4">ill</subfield>
  </datafield>
  <datafield tag="700" ind1="1" ind2=" ">
   <subfield code="8">1\p</subfield>
   <subfield code="a">Klein, Johann August</subfield>
   <subfield code="d">1778-1831</subfield>
   <subfield code="0">(DE-588)173242995</subfield>
   <subfield code="0">(DE-627)698162218</subfield>
   <subfield code="0">(DE-576)16173054X</subfield>
   <subfield code="4">oth</subfield>
  </datafield>
  <datafield tag="700" ind1="1" ind2=" ">
   <subfield code="a">Leson, Willy</subfield>
   <subfield code="d">1926-2003</subfield>
   <subfield code="e">Hrsg.</subfield>
   <subfield code="0">(DE-588)1044205733</subfield>
   <subfield code="0">(DE-627)771648669</subfield>
   <subfield code="0">(DE-576)396798934</subfield>
   <subfield code="4">edt</subfield>
  </datafield>
  <datafield tag="700" ind1="1" ind2=" ">
   <subfield code="a">Stramberg, Christian von</subfield>
   <subfield code="d">1785-1868</subfield>
   <subfield code="0">(DE-588)117306452</subfield>
   <subfield code="0">(DE-627)078744288</subfield>
   <subfield code="0">(DE-576)163217459</subfield>
   <subfield code="4">oth</subfield>
  </datafield>
  <datafield tag="700" ind1="1" ind2=" ">
   <subfield code="a">Klein, Johann August</subfield>
   <subfield code="d">1778-1831</subfield>
   <subfield code="0">(DE-588)173242995</subfield>
   <subfield code="0">(DE-627)698162218</subfield>
   <subfield code="0">(DE-576)16173054X</subfield>
   <subfield code="4">oth</subfield>
  </datafield>
  <datafield tag="787" ind1="0" ind2="8">
   <subfield code="i">Rezensiert in</subfield>
   <subfield code="a">Fink, Otto E., 1912 - 1991</subfield>
   <subfield code="t">[Rezension von: Willy Leson, Romantische Reise durch das Moseltal]</subfield>
   <subfield code="d">Braubach : Deutsche Burgenvereinigung, 1979</subfield>
   <subfield code="w">(DE-627)1793726345</subfield>
  </datafield>
  <datafield tag="883" ind1=" " ind2=" ">
   <subfield code="8">1</subfield>
   <subfield code="a">maschinell generiert cgwrk</subfield>
   <subfield code="d">20241001</subfield>
   <subfield code="q">maschinell generiert cgwrk</subfield>
   <subfield code="u">maschinell generiert cgwrk</subfield>
  </datafield>
  <datafield tag="935" ind1=" " ind2=" ">
   <subfield code="i">Blocktest</subfield>
  </datafield>
  <datafield tag="936" ind1="r" ind2="v">
   <subfield code="a">RD 80029</subfield>
   <subfield code="b">Reiseberichte und Reiseschilderungen</subfield>
   <subfield code="k">Geografie</subfield>
   <subfield code="k">Regionale Geografie</subfield>
   <subfield code="k">Europa</subfield>
   <subfield code="k">Mitteleuropa</subfield>
   <subfield code="k">Deutschland</subfield>
   <subfield code="k">Deutschland (Westliche Länder)</subfield>
   <subfield code="k">Westdeutschland, Mittelgebirgsschwelle</subfield>
   <subfield code="k">Rheinland-Pfalz und Saarland</subfield>
   <subfield code="k">Rheinisches Schiefergebirge (größere Teile in Nordrhein-Westfalen und Hessen gelegen)</subfield>
   <subfield code="k">Mittelrheintal, Moseltal (mit unterer Saar, Sauer und Kyll), Lahntal</subfield>
   <subfield code="k">Unterlagen für die gesamte Geografie</subfield>
   <subfield code="k">Geschichte der Geografie, Organisationen u.ä.</subfield>
   <subfield code="k">Reiseberichte und Reiseschilderungen</subfield>
   <subfield code="0">(DE-627)1272544168</subfield>
   <subfield code="0">(DE-625)rvk/142260:12591</subfield>
   <subfield code="0">(DE-576)202544168</subfield>
  </datafield>
  <datafield tag="936" ind1="b" ind2="k">
   <subfield code="a">15.54</subfield>
   <subfield code="j">Rheinland-Pfalz</subfield>
   <subfield code="j">Saarland</subfield>
   <subfield code="x">Geschichte</subfield>
   <subfield code="0">(DE-627)181571609</subfield>
  </datafield>
  <datafield tag="936" ind1="b" ind2="k">
   <subfield code="a">74.05</subfield>
   <subfield code="j">Reisebeschreibungen</subfield>
   <subfield code="j">Geschichte des Reisens</subfield>
   <subfield code="0">(DE-627)106411241</subfield>
  </datafield>
  <datafield tag="951" ind1=" " ind2=" ">
   <subfield code="a">BO</subfield>
  </datafield>
  <datafield tag="990" ind1=" " ind2=" ">
   <subfield code="a">Moseltal</subfield>
  </datafield>
  <datafield tag="990" ind1=" " ind2=" ">
   <subfield code="a">Geschichte</subfield>
  </datafield>
  <datafield tag="991" ind1=" " ind2=" ">
   <subfield code="a">Rezensiertes Werk</subfield>
  </datafield>
  <datafield tag="999" ind1=" " ind2=" ">
   <subfield code="a">KXP-PPN039534545</subfield>
   <subfield code="e">4075622118</subfield>
  </datafield>
 </record>
</collection>
